Survivor Season by Ranking Quiz Stats

 Plays Quiz not verified by Sporcle

Also try: Presidents from 24
Challenge
Share
Tweet
Embed
Score 0/37 Timer 08:00
2 Plays Today
% Correct
01. Borneo
86.6%
20. Heroes vs. Villains
83.7%
07. Pearl Islands
79%
10. Palau
76.3%
02. Australian Outback
72.7%
32. Kaoh Rong
69.8%
28. Cagayan
67%
19. Samoa
66.6%
13. Cook Islands
65.6%
21. Nicaragua
65.4%
04. Marquesas
65.2%
16. Micronesia
64.4%
23. South Pacific
64%
37. David vs. Goliath
63.7%
35. Heroes v. Healers v. Hustlers
62.5%
08. All-Stars
62.4%
27. Blood vs. Water
58.8%
05. Thailand
58%
14. Fiji
57.9%
% Correct
30. Worlds Apart
56.5%
34. Game Changers
55.6%
09. Vanuatu
53%
31. Cambodia
51.3%
33. Millennials vs. Gen X
47.6%
06. Amazon
47%
15. China
46.1%
12. Panama
40.6%
18. Tocantins
39.7%
25. Philippines
37.7%
26. Caramoan
37.1%
24. One World
36.8%
22. Redemption Island
36.2%
36. Ghost Island
33.6%
17. Gabon
32.5%
29. San Juan del Sur
31.8%
03. Africa
29.6%
11. Guatemala
21.5%

You're not logged in!

Compare scores with friends on all Sporcle quizzes.
OR
Log In

You Might Also Like...

Show Comments

Extras

Top Quizzes Today


Score Distribution

Your Account Isn't Verified!

In order to create a playlist on Sporcle, you need to verify the email address you used during registration. Go to your Sporcle Settings to finish the process.

Report this User

Report this user for behavior that violates our Community Guidelines.

Details: